|
|
|
|
| LEADER |
00000nam0a2200000 4500 |
| 001 |
148679 |
| 005 |
20231031145544.0 |
| 010 |
|
|
|a 5767003300
|
| 035 |
|
|
|a (RuTPU)RU\TPU\book\161209
|
| 090 |
|
|
|a 148679
|
| 100 |
|
|
|a 20081205d1990 m y0rusy50 ca
|
| 101 |
1 |
|
|a rus
|c chv
|
| 102 |
|
|
|a RU
|
| 105 |
|
|
|a a z 000ay
|
| 200 |
1 |
|
|a Седели вместе с отцами
|e роман
|f В. Л. Садай
|g пер. с чуваш. З. Романова
|
| 210 |
|
|
|a Чебоксары
|c Чувашское книжное изд-во
|d 1990
|
| 215 |
|
|
|a 384 с.
|c ил.
|
| 610 |
1 |
|
|a Чувашия
|
| 610 |
1 |
|
|a советская литература
|
| 610 |
1 |
|
|a романы
|
| 675 |
|
|
|a 894.3
|v 3
|
| 700 |
|
1 |
|a Садай
|b В. Л.
|g Владимир Леонтьевич
|
| 702 |
|
1 |
|a Романова
|b З.
|4 730
|
| 801 |
|
1 |
|a RU
|b 63413507
|c 20081205
|g PSBO
|
| 942 |
|
|
|c BK
|